Liszt /

Bibliographic Details
Main Author: Hamburger, Klára
Format: Book
Language:English
Hungarian
Published: [Place of publication not identified] : Corvina, [1987]
Subjects:

MARC

Tag First Indicator Second Indicator Subfields
LEADER 00000cam a2200000 a 4500
001 in00000751621
005 20151016090029.0
008 880914s1987 xx a b 00110beng
010 |a  87181012  
020 |a 9631323056 
035 |a (OCoLC)17642178 
035 |9 ADH2487AM 
040 |a DLC  |c DLC  |d TXA  |d UtOrBLW 
041 1 |a eng  |a hun 
049 |a TXAM  |c [A11079946] 
050 0 0 |a ML410.L7  |b H25513 1987 
082 0 |a 780/.92/4  |a B  |2 19 
100 1 |a Hamburger, Klára. 
240 1 0 |a Liszt.  |l English 
245 1 0 |a Liszt /  |c by Klára Hamburger ; [translated by Gyula Gulyás ; translation revised by Paul Merrick ; the letters written in German and French were translated by Virginia Csontos and Paul Merrick]. 
264 1 |a [Place of publication not identified] :  |b Corvina,  |c [1987] 
264 4 |c ©1987 
300 |a 242 pages :  |b illustrations ;  |c 25 cm. 
336 |a text  |b txt  |2 rdacontent 
337 |a unmediated  |b n  |2 rdamedia 
338 |a volume  |b nc  |2 rdacarrier 
500 |a Illustrated lining papers. 
504 |a "Catalogue of works:" pages 208-[227]. 
504 |a Bibliography: pages 228-[232]. 
500 |a Includes indexes. 
600 1 0 |a Liszt, Franz,  |d 1811-1886. 
650 0 |a Composers  |v Biography. 
999 |a MARS 
999 f f |s 7321b2b8-06b5-37fa-99c1-b0404ca4c068  |i 4dd25d6d-57ee-3273-8883-8baabededc0b  |t 0 
952 f f |p ric  |a Texas A&M University  |b Rellis Campus  |c Joint Library Facility  |d Remote Storage  |t 0  |e ML410.L7 H25513 1987  |h Library of Congress classification  |i unmediated -- volume  |m A14811079946 
998 f f |a ML410.L7 H25513 1987  |t 0  |l Remote Storage